000 00744nam a2200289Ia 4500
005 20260324144557.0
008 008 260324s9999 xx 000 0 eng d
020 _a9780429344602
037 _aEBOOK
040 _aCRL
040 _beng
040 _cCRL
041 _2eng
041 _aeng
084 _qCRL
100 _aChristopher Hamlin
_91219845
245 0 _aWhat Becomes of Pollution?
245 0 _bAdversary Science and the Controversy on the Self-Purification of Rivers in Britain, 1850-1900
260 _bTaylor and Francis
260 _c1987
365 _a
365 _b290
856 _uhttp://www.taylorfrancis.com/books/9780429344602
942 _cEBOOK
999 _c1826618
_d1826618